00486nam a22001697a 450000500170000000800410001702000180005804000210007604100080009708200170010510000380012224500720016025000120023226000330024430000100027765000290028720250228072018.0250228b |||||||| |||| 00| 0 eng d a9789358493122 aIN-DiNCcIN-DiNC dasm a954.162bHUS aHussain, Tachadduk Amanuleauthor aPrachin aru madhyajugor Asom (Minor4)/cby Tachadduk Amanul Hussain a1st ed. aDibrugarh:bBanalata,c2025. a333p. aEarly and medieval Assam